[Event "PRVA LIGA CENTRALNE SRBIJE 2018."]
[Site "Kragujevac"]
[Date "2018.09.19"]
[Round "8.5"]
[White "Rajkovic, Dusan"]
[Black "Perunovic, Miodrag"]
[Result "0-1"]
[WhiteElo "2322"]
[BlackElo "2433"]
[Annotator "Balkanchess"]
[PlyCount "82"]
[EventDate "2018.??.??"]
[WhiteClock "0:38:32"]
[BlackClock "0:39:25"]

1. d4 Nf6 2. c4 e6 3. Nf3 b6 4. g3 Ba6 5. Nbd2 Bb4 6. Qc2 O-O 7. Bg2 d5 8. O-O
c5 9. dxc5 Bxc5 10. a3 Nbd7 11. Qa4 Bb7 12. b4 Bd6 13. Bb2 a5 14. bxa5 Rxa5 15.
Qb3 Qe7 16. Nd4 Nc5 17. Qc2 Na4 18. Nb5 Bb8 19. Nb3 Ra8 20. Bxf6 Qxf6 21. cxd5
Be5 22. Rac1 exd5 23. Rfd1 Nb2 24. Rd2 Nc4 25. Rd3 Rac8 26. Qb1 Rfd8 27. N3d4
Bxd4 28. Nxd4 Nxa3 29. Rxa3 Qxd4 30. Rd1 Qf6 31. Rb3 Rd6 32. e4 dxe4 33. Rxd6
Qxd6 34. Rxb6 Qd2 35. Bf1 Rc2 36. Qxc2 Qxc2 37. Rxb7 f5 38. h4 g6 39. Ra7 Qc1
40. Ra2 Kg7 41. Kg2 f4 0-1

[Event "PRVA LIGA CENTRALNE SRBIJE 2018."]
[Site "Kragujevac,hotel Sumarice"]
[Date "2018.09.19"]
[Round "8.5"]
[White "Radovanovic, Dusan"]
[Black "Ilic, Zoran S"]
[Result "1-0"]
[WhiteElo "2321"]
[BlackElo "2307"]
[PlyCount "81"]
[EventDate "2018.09.14"]
[WhiteTeam "Pozega"]
[BlackTeam "Jasenica S.Palanka"]

1. d4 Nf6 2. Nf3 e6 3. e3 d5 4. Bd3 b6 5. O-O Bd6 6. b3 c5 7. Bb2 Nc6 8. a3 O-O
9. Nbd2 Bb7 10. c4 cxd4 11. exd4 Rc8 12. Qe2 Re8 13. Ne5 Bf8 14. Nxc6 Bxc6 15.
Rac1 dxc4 16. bxc4 Rc7 17. Qe3 Rd7 18. Qh3 h6 19. Bb1 b5 20. d5 Ba8 21. Nf3
bxc4 22. dxe6 fxe6 23. Bg6 Ree7 24. Rxc4 Rd1 25. Rc1 Rxf1+ 26. Rxf1 Bd5 27. Ne5
Rb7 28. Ba1 Qa5 29. Qh4 Qxa3 30. Nd3 Qe7 31. Nf4 Rb4 32. Qg3 Be4 33. Re1 Bxg6
34. Nxg6 Qd8 35. h3 Re4 36. Rb1 Bd6 37. Qf3 Ra4 38. Rd1 Ra3 39. Qxa3 Bh2+ 40.
Kxh2 Qxd1 41. Bxf6 1-0

[Event "PRVA LIGA CENTRALNE SRBIJE 2018."]
[Site "Kragujevac,hotel Sumarice"]
[Date "2018.09.19"]
[Round "8.5"]
[White "Stankovic, Dragan P"]
[Black "Marcetic, Nikola"]
[Result "1/2-1/2"]
[WhiteElo "2229"]
[BlackElo "2333"]
[PlyCount "41"]
[EventDate "2018.09.14"]
[WhiteTeam "Jasenica S.Palanka"]
[BlackTeam "Pozega"]

1. g3 d5 2. Nf3 c6 3. Bg2 Bg4 4. d3 Nd7 5. Nbd2 Ngf6 6. h3 Bh5 7. O-O e5 8. Nh4
g5 9. Nf5 Bg6 10. e4 h5 11. Qe2 Bxf5 12. exf5 Qc7 13. Nf3 g4 14. hxg4 hxg4 15.
Ng5 Rh5 16. f4 Bc5+ 17. Be3 Bxe3+ 18. Qxe3 Kf8 19. Ne6+ fxe6 20. fxe6 exf4 21.
Qxf4 1/2-1/2

[Event "PRVA LIGA CENTRALNE SRBIJE 2018."]
[Site "Kragujevac,hotel Sumarice"]
[Date "2018.09.19"]
[Round "8.5"]
[White "Zivkovic, Ivan B"]
[Black "Milosevic, Boban"]
[Result "1/2-1/2"]
[WhiteElo "2349"]
[BlackElo "2221"]
[PlyCount "67"]
[EventDate "2018.09.14"]
[WhiteTeam "Pozega"]
[BlackTeam "Jasenica S.Palanka"]

1. e4 e5 2. Nf3 Nc6 3. Bb5 Nf6 4. O-O Nxe4 5. d4 Nd6 6. Bxc6 dxc6 7. dxe5 Nf5
8. Qxd8+ Kxd8 9. Rd1+ Ke8 10. Nc3 Ne7 11. h3 Ng6 12. b3 Be7 13. Bb2 h6 14. Re1
Nf4 15. Nd4 Ne6 16. Nf5 Bf8 17. Ne4 Bd7 18. Rad1 Rd8 19. g4 Bc8 20. Kg2 Rxd1
21. Rxd1 h5 22. Kg3 hxg4 23. hxg4 b6 24. f4 Bb7 25. Ne3 Be7 26. g5 Bc8 27. Nf5
Bf8 28. Ne3 Be7 29. c4 a5 30. Nf5 Bf8 31. Ne3 Be7 32. Ng4 Nf8 33. Re1 Be6 34.
Nef2 1/2-1/2

[Event "PRVA LIGA CENTRALNE SRBIJE 2018."]
[Site "Kragujevac"]
[Date "2018.09.19"]
[Round "8.5"]
[White "Csonka, Balazs"]
[Black "Ivanov, Mikhail M"]
[Result "1-0"]
[WhiteElo "2450"]
[BlackElo "2367"]
[Annotator "Balkanchess"]
[PlyCount "75"]
[EventDate "2018.??.??"]
[WhiteClock "0:01:44"]
[BlackClock "0:00:38"]

1. e4 e5 2. Nf3 Nc6 3. Bb5 a6 4. Ba4 b5 5. Bb3 g6 6. d4 exd4 7. Nxd4 Na5 8.
Nxb5 axb5 9. Bxf7+ Kxf7 10. Qd5+ Kg7 11. Qxa8 Nc6 12. Nc3 Nd4 13. O-O Ne7 14.
Bg5 h6 15. Bh4 g5 16. Bg3 Nec6 17. Rad1 Bc5 18. Nd5 Ne2+ 19. Kh1 Nxg3+ 20. fxg3
h5 21. b4 Bd6 22. Ne3 Bxb4 23. a4 Bc5 24. axb5 Ne5 25. Qa1 d6 26. Nc4 Qe7 27.
Rd5 Re8 28. Qc3 Bb6 29. Nxb6 cxb6 30. Qd4 Rf8 31. Rxf8 Qxf8 32. Kg1 Kh7 33.
Rxd6 Nf7 34. Rxb6 Qa3 35. Rf6 Nh6 36. h3 g4 37. h4 Ng8 38. Rf7+ 1-0

[Event "PRVA LIGA CENTRALNE SRBIJE 2018."]
[Site "Kragujevac"]
[Date "2018.09.19"]
[Round "8.6"]
[White "Radovanovic, Jovica"]
[Black "Stankovic, Milos"]
[Result "0-1"]
[WhiteElo "2322"]
[BlackElo "2443"]
[Annotator "Balkanchess"]
[PlyCount "82"]
[EventDate "2018.??.??"]
[WhiteClock "0:22:26"]
[BlackClock "0:34:14"]

1. d4 Nf6 2. c4 g6 3. Nf3 Bg7 4. g3 d5 5. cxd5 Nxd5 6. Bg2 Nb6 7. O-O Nc6 8. e3
O-O 9. Nc3 Re8 10. Re1 e5 11. d5 Na5 12. e4 c6 13. b3 cxd5 14. exd5 Bg4 15. Ba3
e4 16. Nxe4 Qxd5 17. Qxd5 Nxd5 18. Nd6 Bxa1 19. Rxe8+ Rxe8 20. Nxe8 Bd7 21. Nd6
Nc3 22. Ng5 f6 23. Nge4 Nxa2 24. b4 Nb3 25. Nxb7 Nac1 26. Nec5 Nxc5 27. bxc5
Ne2+ 28. Kf1 Nd4 29. Bd5+ Kg7 30. Na5 Bc3 31. Nc4 Bb5 32. Kg2 Nc2 33. Bc1 Nb4
34. Nd6 Bd7 35. Bb7 Bd4 36. Be3 Bxe3 37. fxe3 a5 38. Nc4 a4 39. Kf3 Be6 40. Na3
Nd3 41. Bc6 Ne5+ {Bb7} 0-1

[Event "PRVA LIGA CENTRALNE SRBIJE 2018."]
[Site "Kragujevac"]
[Date "2018.09.19"]
[Round "8.6"]
[White "Dudukovic, Nikola"]
[Black "Colovic, Dusan"]
[Result "1/2-1/2"]
[WhiteElo "2404"]
[BlackElo "2296"]
[Annotator "Balkanchess"]
[PlyCount "20"]
[EventDate "2018.??.??"]
[WhiteClock "1:33:40"]
[BlackClock "1:33:40"]

1. Nf3 Nf6 2. g3 d5 3. d4 e6 4. Bg2 Be7 5. O-O O-O 6. c4 c6 7. b3 Nbd7 8. Bb2
b6 9. Nbd2 Bb7 10. Bc1 Nb8 1/2-1/2

[Event "PRVA LIGA CENTRALNE SRBIJE 2018."]
[Site "Kragujevac"]
[Date "2018.09.19"]
[Round "8.6"]
[White "Markovic, Zoran S"]
[Black "Jesic, Dusan"]
[Result "1/2-1/2"]
[WhiteElo "2346"]
[BlackElo "2322"]
[Annotator "Balkanchess"]
[PlyCount "70"]
[EventDate "2018.??.??"]
[WhiteClock "0:04:03"]
[BlackClock "0:07:53"]

1. e4 c5 2. Nf3 d6 3. d4 cxd4 4. Nxd4 Nf6 5. Nc3 a6 6. Be2 e5 7. Nb3 Be6 8. f4
exf4 9. Bxf4 Nc6 10. O-O Be7 11. Kh1 O-O 12. Qe1 Qb6 13. Rd1 Rfd8 14. Nd5 Bxd5
15. exd5 Ne5 16. c4 Ng6 17. Bd3 Re8 18. Be3 Qc7 19. Bd4 Nd7 20. Qg3 Nge5 21.
Bxh7+ Kxh7 22. Rxf7 Bf8 23. Bxe5 Rxe5 24. Qh3+ Kg8 25. Qxd7 Qxc4 26. Qxb7 Qg4
27. Rff1 Re2 28. Qf7+ Kh8 29. Qf3 Qxf3 30. Rxf3 Rxb2 31. a3 Rc8 32. h3 Be7 33.
Nd4 Bf6 34. Nf5 Rcc2 35. Ne3 Rc3 1/2-1/2

[Event "PRVA LIGA CENTRALNE SRBIJE 2018."]
[Site "Kragujevac"]
[Date "2018.09.19"]
[Round "8.6"]
[White "Ignjatovic, Predrag"]
[Black "Dimitrijevic, Radmilo"]
[Result "0-1"]
[WhiteElo "2246"]
[BlackElo "2247"]
[PlyCount "97"]
[EventDate "2018.??.??"]

1. e4 c5 2. Nc3 e6 3. Nge2 Nc6 4. g3 d5 5. exd5 exd5 6. Bg2 Nf6 7. d4 cxd4 8.
Nxd4 Be7 9. O-O O-O 10. Be3 a6 11. h3 h6 12. Qd2 Ne5 13. b3 Bb4 14. f4 Qc7 15.
fxe5 Bxc3 16. Qd3 Ne4 17. Rad1 Nxg3 18. Rf2 Ne4 19. Bxe4 dxe4 20. Qxe4 Bxh3 21.
Rh2 Qd7 22. Rd3 Bxd4 23. Rxd4 Qf5 24. Qxf5 Bxf5 25. Rd6 Rfe8 26. Bd4 Re6 27.
Rd5 Rg6+ 28. Kf2 Bxc2 29. Rd7 Be4 30. Ke3 Bc6 31. Rd6 Rxd6 32. exd6 Re8+ 33.
Kd3 Re6 34. Bc5 f5 35. Kc3 Kf7 36. Kb4 b6 37. Bxb6 Rxd6 38. Kc5 Re6 39. Bc7 g5
40. Bd6 Be4 41. a4 f4 42. b4 f3 43. Bg3 Kg6 44. b5 axb5 45. axb5 h5 46. Rd2 h4
47. Bf2 Kh5 48. b6 g4 49. Kd4 0-1